When archaeology meets communities : impacting interactions in Sicily over two eras (Messina, 1861-1918) /
'When Archaeology Meets Communities' examines the history of 19th-century Sicilian archaeology through the archival documentation for the excavations at Tindari, Lipari and nearby minor sites in the Messina province, from Italy's Unification to the end of the First World War (1861-191...
المؤلف الرئيسي:
التنسيق: كتاب الكتروني
اللغة: English
منشور في:
Summertown, Oxford :
Archaeopress Publishing Ltd,
2018.
الموضوعات:
الوصول للمادة أونلاين: Login to view Source
الوسوم: إضافة وسم
رقم الطلب: DG55.S5
| LEADER | 01978nam a2200409 i 4500 | ||
|---|---|---|---|
| 001 | EDZ0001948295 | ||
| 003 | StDuBDS | ||
| 005 | 20230412182126.0 | ||
| 006 | m|||||o||d|||||||| | ||
| 007 | cr ||||||||||| | ||
| 008 | 180711s2018 enka fob 001|0|eng|d | ||
| 020 | |a 9781784917920 (ebook) : |c No price | ||
| 040 | |a StDuBDS |b eng |c StDuBDS |e rda |e pn | ||
| 050 | 4 | |a DG55.S5 | |
| 082 | 0 | 4 | |a 937.801 |2 23 |
| 100 | 1 | |a Crisà, Antonino, |e author. | |
| 245 | 1 | 0 | |a When archaeology meets communities : |b impacting interactions in Sicily over two eras (Messina, 1861-1918) / |c Antonino Crisà. |
| 264 | 1 | |a Summertown, Oxford : |b Archaeopress Publishing Ltd, |c 2018. | |
| 300 | |a 1 online resource (x, 416 pages) : |b illustrations (black and white, and colour) | ||
| 336 | |a text |2 rdacontent | ||
| 336 | |a still image |2 rdacontent | ||
| 337 | |a computer |2 rdamedia | ||
| 338 | |a online resource |2 rdacarrier | ||
| 500 | |a Previously issued in print: 2018. | ||
| 504 | |a Includes bibliographical references and index. | ||
| 520 | 8 | |a 'When Archaeology Meets Communities' examines the history of 19th-century Sicilian archaeology through the archival documentation for the excavations at Tindari, Lipari and nearby minor sites in the Messina province, from Italy's Unification to the end of the First World War (1861-1918). | |
| 521 | |a Specialized. | ||
| 588 | |a Description based on online resource; title from home page (viewed on October 8, 2018). | ||
| 650 | 0 | |a Excavations (Archaeology) |z Italy |z Sicily |x History |y 19th century. | |
| 650 | 0 | |a Community archaeology |z Italy |z Sicily. | |
| 650 | 0 | |a Archaeology |x Social aspects |z Italy |z Sicily. | |
| 651 | 0 | |a Sicily (Italy) |x Antiquities. | |
| 776 | 0 | 8 | |i Print version : |z 9781784917913 |
| 856 | 4 | 0 | |3 Archaeopress |u http://library.arce.org:8087/Archaeopress/Products/9781784917913 |
| 942 | |2 lcc |c EBOOK | ||
| 952 | |0 0 |1 0 |4 0 |6 DG0055 S5 |7 1 |9 46360 |a ARCH |b ARCH |d 2023-04-12 |l 0 |o DG55.S5 |r 2023-04-12 00:00:00 |w 2023-04-12 |y EBOOK | ||
| 999 | |c 52018 |d 52018 | ||
